| 000 | 01041nam a2200337Ia 4500 | ||
|---|---|---|---|
| 001 | 102221 | ||
| 005 | 20230410143211.0 | ||
| 008 | 030708s1977 ag b 000 0 spa d | ||
| 035 | _a(OCoLC)ocm52570580 | ||
| 040 |
_aUBP _bspa _cUBP |
||
| 035 | _a(OCoLC)52570580 | ||
| 090 |
_aDP63 _b.S26 1977 |
||
| 049 | _aGRAL | ||
| 050 | 1 | 4 | _abSA111e 1977 |
| 100 | 1 |
_aSánchez-Albornoz, Claudio, _d1893- |
|
| 245 | 1 | 0 |
_aEspañoles ante la historia / _cClaudio Sánchez-Albornoz. |
| 250 | _a3a ed. | ||
| 260 |
_aBuenos Aires : _bEditorial Losada, _c1977. |
||
| 300 |
_a250 p. ; _c18 cm. |
||
| 490 | 1 |
_aBiblioteca clásica y contemporánea ; _v121 |
|
| 504 | _aIncluye referencias bibliográficas. | ||
| 651 | 4 |
_aEspaña _xHistoria _xHistoriografía. |
|
| 651 | 4 |
_aEspaña _xHistoria _y711-1516. |
|
| 650 | 4 |
_aLiteratura española _yHasta 1500 _xHistoria y crítica. |
|
| 650 | 4 | _aCivilización medieval en la literatura. | |
| 650 | 4 | _aCFB | |
| 650 | 4 | _aColección Font Bernard | |
| 942 |
_2lcc _cbk |
||
| 946 | _aMAT | ||
| 994 |
_aC0 _bDRFGD |
||
| 999 |
_c97587 _d97587 |
||